| 000 | 00655nam a2200241Ia 4500 | ||
|---|---|---|---|
| 003 | OSt | ||
| 005 | 20220925220328.0 | ||
| 006 | a|||||r|||| 00| 0 | ||
| 007 | ta | ||
| 008 | 220923b |||||||| |||| 00| 0 eng d | ||
| 037 | _cGeneral Book | ||
| 040 |
_aRTL _cRTL _beng |
||
| 041 |
_2eng _aeng |
||
| 082 | _aX:8, L3 | ||
| 100 |
_aAnderson R G _9267317 |
||
| 245 | 0 | _aOrganisation and methods | |
| 260 |
_aLondon _bMacdonald and Evans _c1973 |
||
| 300 |
_axvi, 386p. _ccm. |
||
| 490 | _amacdonald and Evans handbook series | ||
| 650 |
_aManagement _930681 |
||
| 942 |
_hX:8, L3 _cGB _2CC |
||
| 999 |
_c571142 _d571142 |
||